ბათუმის შოთა რუსთაველის სახელმწიფო უნივერსიტეტის ბიბლიოთეკა

What Color Is Your Parachute? 2014 edition: A Practical Manual for Job-Hunters and Career-Changers (ბიბ.ჩანაწერი № 51440)

000 -LEADER
fixed length control field 00783nam a2200229Ia 4500
001 - CONTROL NUMBER
control field 18426
003 - CONTROL NUMBER IDENTIFIER
control field GE_BSU
008 - FIXED-LENGTH DATA ELEMENTS--GENERAL INFORMATION
fixed length control field 181216s||||||||xx |||||||||||||| ||und||
020 ## - INTERNATIONAL STANDARD BOOK NUMBER
International Standard Book Number 9781607743620
040 ## - CATALOGING SOURCE
Transcribing agency GE_BSU
080 ## - UNIVERSAL DECIMAL CLASSIFICATION NUMBER
Universal Decimal Classification number 658.3
100 ## - MAIN ENTRY--PERSONAL NAME
Personal name Bolles, Richard N.
245 ## - TITLE STATEMENT
Title What Color Is Your Parachute? 2014 edition: A Practical Manual for Job-Hunters and Career-Changers
260 ## - PUBLICATION, DISTRIBUTION, ETC.
Place of publication, distribution, etc. New York
260 ## - PUBLICATION, DISTRIBUTION, ETC.
Name of publisher, distributor, etc. Ten Speed Press
260 ## - PUBLICATION, DISTRIBUTION, ETC.
Date of publication, distribution, etc. 2013
300 ## - PHYSICAL DESCRIPTION
Extent 355 p. 23cm.
653 ## - INDEX TERM--UNCONTROLLED
Uncontrolled term What Color Is Your Parachute? 2014 : A Practical Manual for Job-Hunters and Career-Changers
653 ## - INDEX TERM--UNCONTROLLED
Uncontrolled term ადამიანების ურთიერთობა წარმოებაში.
653 ## - INDEX TERM--UNCONTROLLED
Uncontrolled term პერსონალის მართვა
942 ## - ADDED ENTRY ELEMENTS (KOHA)
Koha item type წიგნი
ეგზემპლარები
Withdrawn status Lost status Damaged status Not for loan Date acquired Barcode Date last seen Price effective from Koha item type
        2018-12-17 47260 2018-12-17 2018-12-17 წიგნი
        2018-12-17 47267 2018-12-17 2018-12-17 წიგნი
        2018-12-17 47268 2018-12-17 2018-12-17 წიგნი